000 00648nam a2200241Ia 4500
003 OSt
005 20220918201536.0
006 a|||||r|||| 00| 0
007 ta
008 220917b |||||||| |||| 00| 0 eng d
024 _a94,674
037 _cTextual
040 _aARTS
_cARTS
_beng
041 _2eng
_aeng
082 _aV:594x, K2
100 _aJohnson John J Ed.
245 0 _aRole of the milirary in underdeveloped countries
260 _aPrinceton
_bPrinceton University Press
_c1962
300 _a427p
_ccm.
650 _aHISTORY
942 _hV:594x, K2
_cTEXL
_2CC
999 _c218299
_d218299